Index velkoobchodních cen průmyslu za 4. čtvrtletí 1990 a průměr roku 1989

Salvato in:
Dettagli Bibliografici
Natura: Libro
Lingua:ceco
Pubblicazione: Praha Federální statistický úřad 1990
Tags: Aggiungi Tag
Nessun Tag, puoi essere il primo ad aggiungerne!!

MARC

LEADER 00000nam a2200000 4500
001 c026992
005 20250828103703.3
041 0 |a cze 
044 |a CZ 
245 1 0 |a Index velkoobchodních cen průmyslu za 4. čtvrtletí 1990 a průměr roku 1989 
264 1 |a Praha  |b Federální statistický úřad  |c 1990 
300 |a 83 s.